Eastern Utah Libraries Catalog: Duchesne, Heber, Roosevelt, & Vernal

Be more chill: The Graphic Novel (Record no. 353447)

MARC details
000 -LEADER
fixed length control field 02618nam a2200493 i 4500
001 - CONTROL NUMBER
control field 3173102
005 - DATE AND TIME OF LATEST TRANSACTION
control field 20260220124022.0
008 - FIXED-LENGTH DATA ELEMENTS--GENERAL INFORMATION
fixed length control field 210104s2021 caua d 6 000 0 eng d
010 ## - LIBRARY OF CONGRESS CONTROL NUMBER
LC control number 2020940948
020 ## - INTERNATIONAL STANDARD BOOK NUMBER
International Standard Book Number 9781368057868 :
Terms of availability $21.99
020 ## - INTERNATIONAL STANDARD BOOK NUMBER
International Standard Book Number 1368057861 :
Terms of availability $21.99
020 ## - INTERNATIONAL STANDARD BOOK NUMBER
International Standard Book Number 9781368061162
035 ## - SYSTEM CONTROL NUMBER
System control number (OCoLC)1228909330
035 ## - SYSTEM CONTROL NUMBER
System control number (OCoLC)on1228909330
035 ## - SYSTEM CONTROL NUMBER
System control number 3143573
040 ## - CATALOGING SOURCE
Original cataloging agency PABRO
Language of cataloging eng
Description conventions rda
Transcribing agency PABRO
050 #4 - LIBRARY OF CONGRESS CALL NUMBER
Classification number PN6727.V59
Item number B46 2021
082 04 - DEWEY DECIMAL CLASSIFICATION NUMBER
Classification number 741.5/973
Edition number 23
092 ## - LOCALLY ASSIGNED DEWEY CALL NUMBER (OCLC)
Classification number Graphic Novel
Item number V864B 2021
999 ## - SYSTEM CONTROL NUMBERS (KOHA)
Koha Dewey Subclass [OBSOLETE] 741.5973 V864B 2021
100 1# - MAIN ENTRY--PERSONAL NAME
Personal name Vizzini, Ned,
Dates associated with a name 1981-2013,
Relator term author.
9 (RLIN) 5706207
245 10 - TITLE STATEMENT
Title Be more chill: The Graphic Novel
250 ## - EDITION STATEMENT
Edition statement First edition.
264 #1 - Production, Publication, Distribution, Manufacture, and Copyright Notice.
Place of production, publication, distribution, manufacture Los Angeles :
Name of producer, publisher, distributor, manufacturer Hyperion,
Date of production, publication, distribution, manufacture, or copyr 2021.
300 ## - PHYSICAL DESCRIPTION
Extent 138 pages :
Other physical details illustrations ;
Dimensions 24 cm
336 ## - Content Type
Content type term text
337 ## - Media type
Media type term unmediated
338 ## - Carrier type
Carrier type term volume
520 ## - SUMMARY, ETC.
Summary, etc The groundbreaking story by New York Times best-selling author Ned Vizzini that inspired the Tony-nominated Broadway musical--now adapted in a graphic novel by #1 New York Times best-selling author David Levithan. Jeremy Heere is your average high school dork. Day after day, he stares at beautiful Christine, the girl he can never have, and dryly notes the small humiliations that come his way. Until the day he learns about the "squip." A pill-sized supercomputer that you swallow, the squip is guaranteed to bring you whatever you most desire in life. By instructing him on everything from what to wear, to how to talk and walk, the squip transforms Jeremy from geek to the coolest guy in class. Soon he is friends with his former tormentors and has the attention of the hottest girls in school. But Jeremy discovers that there is a dark side to handing over control of your life--and it can have disastrous consequences.
521 1# - TARGET AUDIENCE NOTE
Target audience note 12-19
Source Brodart.
521 2# - TARGET AUDIENCE NOTE
Target audience note 7-12
Source Brodart.
650 #0 - SUBJECT ADDED ENTRY--TOPICAL TERM
Topical term or geographic name as entry element High schools
Form subdivision Comic books, strips, etc.
9 (RLIN) 5742269
650 #1 - SUBJECT ADDED ENTRY--TOPICAL TERM
Topical term or geographic name as entry element High schools
Form subdivision Fiction.
9 (RLIN) 5675716
650 #1 - SUBJECT ADDED ENTRY--TOPICAL TERM
Topical term or geographic name as entry element Graphic novels.
650 #0 - SUBJECT ADDED ENTRY--TOPICAL TERM
Topical term or geographic name as entry element Self-perception
Form subdivision Comic books, strips, etc.
9 (RLIN) 5749533
650 #1 - SUBJECT ADDED ENTRY--TOPICAL TERM
Topical term or geographic name as entry element Self-perception
Form subdivision Fiction.
9 (RLIN) 5688892
650 #7 - SUBJECT ADDED ENTRY--TOPICAL TERM
Topical term or geographic name as entry element YOUNG ADULT FICTION / Social Themes / Assimilation
Source of heading or term bisacsh
9 (RLIN) 6441742
650 #7 - SUBJECT ADDED ENTRY--TOPICAL TERM
Topical term or geographic name as entry element YOUNG ADULT FICTION / Social Themes / Emotions & Feelings
Source of heading or term bisacsh
9 (RLIN) 5729209
650 #7 - SUBJECT ADDED ENTRY--TOPICAL TERM
Topical term or geographic name as entry element YOUNG ADULT FICTION / Social Themes / Friendship
Source of heading or term bisacsh
9 (RLIN) 5718249
655 #7 - INDEX TERM--GENRE/FORM
Genre/form data or focus term Graphic novels.
Source of term lcgft
700 1# - ADDED ENTRY--PERSONAL NAME
Personal name Levithan, David.
9 (RLIN) 62302
700 0# - ADDED ENTRY--PERSONAL NAME
Personal name Bertozzi, Nick,
Relator term illustrator.
9 (RLIN) 5863168
942 ## - ADDED ENTRY ELEMENTS (KOHA)
Source of classification or shelving scheme Dewey Decimal Classification
Koha item type BOOK
Holdings
Withdrawn status Lost status Source of classification or shelving scheme Damaged status Not for loan Collection code Home library Current library Shelving location Date acquired Source of acquisition Total Checkouts Total Renewals Full call number Barcode Date last seen Date checked out Cost, replacement price Price effective from Koha item type
    Dewey Decimal Classification     Young Adult Graphic Novels Wasatch County Library Wasatch County Library First Floor 02/22/2021 Micromarketing 10 10 YA GN Vizzini 34301001669607 07/03/2025 06/19/2025 21.99 02/22/2021 BOOK
This project was made possible through a grant from the Institute of Museum and Library Service administered by the Utah State Library Division.

Wasatch County Library

  • 465 East 1200 South, Heber City, Utah 84032
  • Phone 435-654-1511 | Fax 435-654-6456

Hours

  • Monday - Friday 9:30 AM - 8:00 PM
  • Saturday 9:30 AM - 1:30 PM
  • Closed Sundays and Holidays